|
|
|
|
| LEADER |
00000cam a2200000 7i4500 |
| 001 |
0000008896 |
| 002 |
000009695 |
| 005 |
20000330.0 |
| 020 |
|
|
|a 9830460185
|
| 090 |
0 |
0 |
|a 297
|b IBN
|
| 100 |
0 |
|
|a Ibnu Sirin
|f Al-Imam
|
| 245 |
0 |
0 |
|a Tafsir mimpi menurut Islam
|c Al-Imam Ibnu Sirin
|
| 260 |
|
|
|a Kuala Lumpur :
|b Darul Nu'Man ,
|c 1995
|
| 300 |
|
|
|a 283p. ;
|c 21cm.
|
| 650 |
0 |
0 |
|a Social life
|x Custom and practices
|
| 700 |
0 |
|
|a Syahrin Nasution
|
| 999 |
|
|
|a 044138
|b BUKU
|c PINJAMAN
|e PERPUSTAKAAN KOMUNITI PETALING JAYA
|
| 999 |
|
|
|a 046364
|b BUKU
|c PINJAMAN
|e PERPUSTAKAAN KOMUNITI CAW KOTA DAMANSARA
|
| 999 |
|
|
|a 046365
|b BUKU
|c PINJAMAN
|e PERPUSTAKAAN KOMUNITI CAW KOTA DAMANSARA
|